| 000 | 00972cad a22002175a 4500 | ||
|---|---|---|---|
| 001 | E152865 | ||
| 008 | 110509s2011 xxk f s000 0 eng d | ||
| 035 | _a(Sirsi) u152865 | ||
| 041 | 0 | _aeng | |
| 110 | 2 |
_aScotland _kLaws, etc |
|
| 245 | 0 | 0 |
_aPrivate Rented Housing (Scotland) Act 2011 _h[electronic resource] |
| 260 |
_aLondon _bNational Archives _c2011 |
||
| 520 | _aAn Act is to strengthen the regulation of the private rented sector, including changes to the registration of private landlords and licensing of houses in multiple occupation. Also addresses the issue of overcrowding and seeks to improve the working of private sector tenancies. | ||
| 521 | _aAdvanced | ||
| 590 | _aKA | ||
| 650 | 2 | 4 | _aPRIVATE RENTED HOUSING (SCOTLAND) ACT 2011 |
| 651 | 4 |
_aScotland _y1999- |
|
| 690 | _aPROPERTY-LANDLORD AND TENANT | ||
| 856 | 4 | 0 |
_uhttps://www.legislation.gov.uk/asp/2011/14/contents/enacted _zView the Act free of charge at www.legislation.gov.uk |
| 942 | _n0 | ||
| 999 |
_c112237 _d112237 |
||